logo

Bir Sreshtho Munshi Abdur Rouf Library
Jhenaidah Cadet College

A boys' treasury of sea stories / (Record no. 8241)

MARC details
000 -LEADER
fixed length control field 00630nam a22002412a 4500
001 - CONTROL NUMBER
JCCL Control Number 8241
003 - CONTROL NUMBER IDENTIFIER
JCCL marc code UkOxU
005 - DATE AND TIME OF LATEST TRANSACTION
control field 20181120100357.0
008 - FIXED-LENGTH DATA ELEMENTS--GENERAL INFORMATION
fixed length control field 500101s1966 enka j 000 1 eng d
035 ## - SYSTEM CONTROL NUMBER
system control number OCLC ocm09166619 from D950316M
040 ## - CATALOGING SOURCE
Original cataloging agency TNN
Transcribing agency TNN
Modifying agency EQO
041 ## - LANGUAGE CODE
Language code of Book eng
082 ## - DEWEY DECIMAL CLASSIFICATION NUMBER
Classification number 823.914
Author mark and Year NIC 1966
100 ## - MAIN ENTRY--PERSONAL NAME
Personal name Nickless, Will
245 02 - TITLE STATEMENT
Title A boys' treasury of sea stories /
Statement of responsibility, etc Will Nickless
260 ## - PUBLICATION, DISTRIBUTION, ETC. (IMPRINT)
Place of publication, distribution, etc London ;
-- New York :
Name of publisher, distributor, etc Hamlyn,
Date of publication, distribution, etc c1966
300 ## - PHYSICAL DESCRIPTION
Pagination 356 p. :
Other physical details ill. ;
Dimensions 22 cm
650 ## - SUBJECT ADDED ENTRY--TOPICAL TERM
Topical term or geographic name as entry element sea Stories English
700 1# - ADDED ENTRY--PERSONAL NAME
Personal name Nickless, Will.
740 0# -
Uncontrolled related/analytical title Sea stories
942 ## - ADDED ENTRY ELEMENTS (KOHA)
Source of classification or shelving scheme Dewey Decimal Classification
Koha item type Books
Holdings
Source of classification or shelving scheme Damaged status Not for loan Home library Current library Shelving location Total Checkouts Full call number Barcode Date last seen Copy number Koha item type
Dewey Decimal Classification     JCC Rouf Library JCC Rouf Library General Stacks   823.914 NIC 1966 9696 02/20/2018 C - 1 Books

JCC Library | Contacts | JCC Home

Last Update on 23 September 2017
Copyright @ 2017-2020 JCC Rouf Library
Rouf Library, Jhenidah Cadet College (JCC), Bangladesh